000 00711nam a22002297a 4500
003 UA-OsUOA
001 118082
007 ta
008 20160715b un ||||| |||| 00| 0 ukr d
100 _aЦиганов С.А.
700 _aАпалькова В.В.
090 _a330(477)
_bЦ58
942 _cSA
040 _aUA-OsUOA
_bukr
_cUA-OsUOA
_dUA-OsUOA
245 _aРозвиток інноваційної інфраструктури глобального ринку платіжних послуг
300 _aС.99-111
955 _a0
041 _aukr
080 _a330(477)
773 0 _w118076
_tФінанси України
_dК.
_d2016
_g2
650 7 _a330 Економіка взагалі
_2UDC
999 _c404141
_d404141